[Event "Lonigo CIS 54th Serie B Girone 6"]
[Site "Lonigo"]
[Date "2023.05.21"]
[Round "5.4"]
[White "Panciera, Fabio"]
[Black "Casonato, Stefano"]
[Result "0-1"]
[WhiteElo "1605"]
[BlackElo "1888"]
[PlyCount "74"]
[EventDate "2023.05.19"]
[EventType "team-tourn"]
[EventRounds "5"]
[EventCountry "ITA"]
[SourceTitle "EXT 2024"]
[Source "ChessBase"]
[SourceDate "2023.10.10"]
[SourceVersion "1"]
[SourceVersionDate "2023.10.10"]
[SourceQuality "1"]
[WhiteTeam "Venezia Nono Risorto"]
[BlackTeam "Venezia Canal Unigas"]
[WhiteTeamCountry "ITA"]
[BlackTeamCountry "ITA"]

1. e4 e6 2. d4 d5 3. Nc3 Nf6 4. e5 Nfd7 5. f4 c5 6. dxc5 Bxc5 7. Nf3 a6 8. Bd3 b5 9. Qe2 Nc6 10. a3 Bb7 11. Bd2 Qc7 12. Nd1 g6 13. Be3 Be7 14. 0-0 h5 15. Nc3 Na5 16. Rad1 Nc4 17. Bc1 Nxa3 18. Nxd5 Bxd5 19. bxa3 Nb6 20. Rfe1 Nc4 21. Bxc4 Bxc4 22. Qe4 Bd5 23. Qe2 Rc8 24. Bb2 Qxc2 25. Rd2 Qc4 26. Rc1 Bc5+ 27. Kf1 Qxe2+ 28. Kxe2 Bc4+ 29. Rxc4 bxc4 30. Rc2 0-0 31. Rxc4 Be7 32. Nd2 Rxc4 33. Nxc4 Bc5 34. Kd3 Rd8+ 35. Ke4 Rd1 36. h3 Rg1 37. Kf3 Kf8 0-1

[Event "Veneto Region-ch"]
[Site "Arqua Petrarca"]
[Date "2006.05.14"]
[Round "5"]
[White "Panciera, Fabio"]
[Black "Valentini, Paola"]
[Result "1-0"]
[WhiteElo "1757"]
[BlackElo "1986"]
[PlyCount "63"]
[EventDate "2006.05.06"]
[EventType "swiss"]
[EventRounds "6"]
[EventCountry "ITA"]
[SourceTitle "EXT 2011"]
[Source "ChessBase"]
[SourceDate "2010.11.26"]
[SourceVersion "1"]
[SourceVersionDate "2010.11.26"]
[SourceQuality "1"]

1. e4 c6 2. d4 d5 3. exd5 cxd5 4. Bd3 g6 5. Bf4 Nc6 6. c3 Bg7 7. Nf3 Nf6 8. Nbd2 0-0 9. 0-0 Re8 10. h3 Nd7 11. Re1 f6 12. Qb3 Nf8 13. Bb5 g5 14. Bh2 Ng6 15. Re3 g4 16. hxg4 Bxg4 17. c4 dxc4 18. Qxc4+ Kh8 19. d5 Bxf3 20. Nxf3 Na5 21. Qb4 Rf8 22. d6 exd6 23. Bxd6 Rf7 24. Re8+ Qxe8 25. Bxe8 Rxe8 26. Qxa5 b6 27. Qb5 Rc8 28. Re1 Bf8 29. Bxf8 Rfxf8 30. Nd4 Ne5 31. Ne6 Rg8 32. Rxe5 1-0

[Event "Veneto Region-ch"]
[Site "Arqua Petrarca"]
[Date "2006.05.07"]
[Round "2"]
[White "Colpo, Raffaele"]
[Black "Panciera, Fabio"]
[Result "1-0"]
[WhiteElo "1645"]
[BlackElo "1757"]
[PlyCount "71"]
[EventDate "2006.05.06"]
[EventType "swiss"]
[EventRounds "6"]
[EventCountry "ITA"]
[SourceTitle "EXT 2011"]
[Source "ChessBase"]
[SourceDate "2010.11.26"]
[SourceVersion "1"]
[SourceVersionDate "2010.11.26"]
[SourceQuality "1"]

1. e4 c6 2. d4 d5 3. exd5 cxd5 4. c4 Nf6 5. Nc3 Nc6 6. Nf3 Bg4 7. Be2 e6 8. Be3 Be7 9. c5 0-0 10. h3 Bh5 11. g4 Bg6 12. Nh4 Be4 13. Nxe4 Nxe4 14. Ng2 Qa5+ 15. Kf1 Bf6 16. a3 Qd8 17. b4 Nc3 18. Qd2 Nxe2 19. Kxe2 e5 20. dxe5 Bxe5 21. Rad1 d4 22. Bf4 Qe7 23. Kf3 Rad8 24. Rhe1 Bxf4 25. Qxf4 Qd7 26. Ne3 Ne7 27. Rd3 f5 28. Kg3 fxg4 29. Qxg4 Qc7+ 30. Kg2 Qc6+ 31. Kg1 dxe3 32. Qc4+ Kh8 33. Rdxe3 Nf5 34. Re4 Rde8 35. Qf7 Ne7 36. Rxe7 1-0

[Event "Ravenna op"]
[Site "Ravenna"]
[Date "2005.10.15"]
[Round "3"]
[White "Panciera, Fabio"]
[Black "Del Vecchio, Gastone"]
[Result "0-1"]
[WhiteElo "1802"]
[BlackElo "1895"]
[PlyCount "99"]
[EventDate "2005.10.14"]
[EventType "swiss"]
[EventRounds "5"]
[EventCountry "ITA"]
[SourceTitle "EXT 2007"]
[Source "ChessBase"]
[SourceDate "2006.11.23"]
[SourceVersion "1"]
[SourceVersionDate "2006.11.23"]
[SourceQuality "1"]

1. e4 c5 2. c3 d6 3. d4 cxd4 4. cxd4 Nf6 5. Bd3 Nc6 6. Ne2 Bg4 7. f3 Bh5 8. Nbc3 e6 9. a3 Be7 10. Be3 0-0 11. 0-0 a6 12. Rc1 Rc8 13. Nf4 Bg6 14. Nxg6 hxg6 15. Qe2 d5 16. e5 Nd7 17. b4 Bg5 18. Bxg5 Qxg5 19. Qf2 f5 20. f4 Qe7 21. Rfd1 Kf7 22. b5 Ncb8 23. Qa2 Nb6 24. Ne2 g5 25. Qb3 gxf4 26. bxa6 f3 27. Qxb6 fxe2 28. Bxe2 bxa6 29. Bxa6 Nxa6 30. Qxa6 Ra8 31. Qb6 Rfb8 32. Qc7 Rc8 33. Qxe7+ Kxe7 34. Rxc8 Rxc8 35. Rd3 Rc4 36. Kf2 g5 37. Ke3 Rc2 38. Rd2 Rc4 39. Rb2 Rc3+ 40. Kd2 Rxa3 41. Rb7+ Kd8 42. Rb2 f4 43. Rc2 Kd7 44. Ke2 Re3+ 45. Kd2 g4 46. g3 Re4 47. gxf4 Rxf4 48. Ke3 Rf3+ 49. Ke2 Rh3 50. Kd1 0-1